000 00783nam a2200253Ia 4500
003 OSt
005 20221005092239.0
006 a|||||r|||| 00| 0
007 ta
008 221004b |||||||| |||| 00| 0 eng d
020 _a9780415898256 (pbk)
_c2741.63
024 _a23765
037 _b506, 01/12/2015, Standard Book House
_cTextual
040 _aCRL
_cCRL
_beng
041 _2eng
_aeng
082 _aSigma:(R), Q4
100 _aRisjord Mark
_9447070
245 0 _aPhilosophy of social science
_b A contemporary introduction
260 _aNew York
_bRoutledge U.S.A
_c2014
300 _axi, 288p.
_ccm.
650 _aSOCIAL SCIENCES
942 _hSigma:(R), Q4
_cTEXL
_2cc
999 _c998551
_d998551